000 01484nam a22001817a 4500
003 OSt
005 20120303100152.0
008 110124t xxu||||| |||| 00| 0 eng d
040 _cVPM, Thane
100 _aपाठक, मोहन
_9191
245 _a०६६ दिशा : फेब्रुवारी २००३
260 _aठाणे
_bविद्या प्रसारक मंडळ
_c२००३
300 _a४०
520 _aपाठक, मोहन; मठ, शंकर बा.; अरदकर, प्र. द.; पाटील, प्रीती; नारखेडे, प्राजक्‍ता; पाटील, पूजा; लावंडा, प्राजक्‍ता; भिडे, आशा; फाटक, वैशाली; वालावलकर, विद्याधर; प्रधान, वरद; रानडे, अमेय
600 _aपाठक, मोहन; मठ, शंकर बा.; अरदकर, प्र. द.; पाटील, प्रीती; नारखेडे, प्राजक्‍ता; पाटील, पूजा; लावंडा, प्राजक्‍ता; भिडे, आशा; फाटक, वैशाली; वालावलकर, विद्याधर; प्रधान, वरद; रानडे, अमेय
_9192
856 _uhttp://dspace.vpmthane.org:8080/jspui/bitstream/123456789/634/1/066dishaFeb2003.pdf
942 _2ddc
_cEJOURNAL
999 _c827614
_d827611